000 00241nam a2200097Ia 4500
008 240625s9999 xx 000 0 und d
041 _aeng
082 _a808.20 SHA
100 _aSHARMA PRANAV
245 _aREASONS FOR SML BEING PRODUCT LEADER IN
999 _c37936
_d37936